| 000 | 01282nam a2200277Ia 4500 | ||
|---|---|---|---|
| 999 |
_c34935 _d34935 |
||
| 001 | 763 | ||
| 003 | GE_BSU | ||
| 005 | 20220301132911.0 | ||
| 008 | 181216s2009||||ge |||||||||||||| ||geo|| | ||
| 020 | _a9789941408830 | ||
| 040 | _cGE_BSU | ||
| 041 | _ageo | ||
| 080 | _a371 ბ–29 | ||
| 100 |
_aბასილაძე, იმერ _91071 |
||
| 245 |
_aგაკვეთილი, როგორც პედაგოგიური ფენომენი / _cიმერ ბასილაძე, ლეილა აბზიანიძე ; [რედ. ციალა მეგრელაძე]. |
||
| 260 | _c2009 | ||
| 264 |
_aქუთაისი : _bაკ.წერეთლის სახ. უნ–ტის გამ–ბა, _c 2009. |
||
| 300 |
_a108 გვ.; _b20სმ. |
||
| 504 | _aბიბლიოგრ.: გვ. 106-107. | ||
| 653 | _aპედაგოგიკა | ||
| 653 | _aსასკოლო გაკვეთილი | ||
| 653 | _aსასწავლო აღმზრდელობითი მუშაობა | ||
| 700 |
_aაბზიანიძე, ლეილა _eავტორი _913581 |
||
| 700 |
_aმეგრელაძე, ციალა _eრედაქტორი _91081 |
||
| 942 |
_cBK _2udc |
||